000 00271nam a2200121Ia 4500
082 _a616.01
_bM05I
100 _aINGRAHAM, JOHN L.
245 _aMICROBIOLOGY AN INTRODUCTION
260 _bCENGAGE
_aDELHI
_c2005
300 _a1-760
650 _aMICROBIOLOGY
942 _2ddc
_cBK
999 _c284
_d284